000 00761nam a2200241Ia 4500
003 OSt
005 20220925204030.0
006 a|||||r|||| 00| 0
007 ta
008 220923b |||||||| |||| 00| 0 eng d
037 _cGeneral Book
040 _aRTL
_cRTL
_beng
041 _2eng
_aeng
082 _aX9(J).277s, GD
110 _aGovt of Assam. Economics and Statistdics (D/O--)
_9267618
245 0 _aReport on crop estimation surveys on principlal food and Non-Food crops in Assam.
260 _aGauhati
_bGovt Press
300 _a107p.
_ccm.
650 _aAgricultural Industry
700 _aGovt of Assam. Economics and Statistdics (D/O--)
_9267619
942 _hX9(J).277s, GD
_cGB
_2CC
999 _c548396
_d548396